All 1025 Pokémon | All Gens + Go & Legends - Statistics

General Stats
  • This quiz has been taken 93 times
    17 since last reset
  • The average score is 453 of 1025
Answer Stats
Generation No. Type Pokemon % Correct
Gen 1 #0009 Water Blastoise
93%
Gen 1 #0001 Grass/Poison Bulbasaur
93%
Gen 1 #0012 Bug/Flying Butterfree
93%
Gen 1 #0010 Bug Caterpie
93%
Gen 1 #0006 Fire/Flying Charizard
93%
Gen 1 #0004 Fire Charmander
93%
Gen 1 #0005 Fire Charmeleon
93%
Gen 1 #0002 Grass/Poison Ivysaur
93%
Gen 1 #0011 Bug Metapod
93%
Gen 1 #0007 Water Squirtle
93%
Gen 1 #0003 Grass/Poison Venusaur
93%
Gen 1 #0008 Water Wartortle
93%
Gen 1 #0063 Psychic Abra
86%
Gen 1 #0065 Psychic Alakazam
86%
Gen 1 #0024 Poison Arbok
86%
Gen 1 #0059 Fire Arcanine
86%
Gen 1 #0144 Ice/Flying Articuno
86%
Gen 1 #0015 Bug/Poison Beedrill
86%
Gen 1 #0148 Dragon Dragonair
86%
Gen 1 #0149 Dragon/Flying Dragonite
86%
Gen 1 #0133 Normal Eevee
86%
Gen 1 #0023 Poison Ekans
86%
Gen 1 #0022 Normal/Flying Fearow
86%
Gen 1 #0088 Poison Grimer
86%
Gen 1 #0058 Fire Growlithe
86%
Gen 1 #0135 Electric Jolteon
86%
Gen 1 #0124 Ice/Psychic Jynx
86%
Gen 1 #0140 Rock/Water Kabuto
86%
Gen 1 #0141 Rock/Water Kabutops
86%
Gen 1 #0064 Psychic Kadabra
86%
Gen 1 #0014 Bug/Poison Kakuna
86%
Gen 1 #0131 Water/Ice Lapras
86%
Gen 1 #0151 Psychic Mew
86%
Gen 1 #0150 Psychic Mewtwo
86%
Gen 1 #0146 Fire/Flying Moltres
86%
Gen 1 #0089 Poison Muk
86%
Gen 1 #0034 Poison/Ground Nidoking
86%
Gen 1 #0031 Poison/Ground Nidoqueen
86%
Gen 1 #0029 | #0032 Poison Nidoran
86%
Gen 1 #0030 Poison Nidorina
86%
Gen 1 #0033 Poison Nidorino
86%
Gen 1 #0138 Rock/Water Omanyte
86%
Gen 1 #0139 Rock/Water Omastar
86%
Gen 1 #0018 Normal/Flying Pidgeot
86%
Gen 1 #0017 Normal/Flying Pidgeotto
86%
Gen 1 #0016 Normal/Flying Pidgey
86%
Gen 1 #0025 Electric Pikachu
86%
Gen 1 #0026 Electric Raichu
86%
Gen 1 #0020 Normal Raticate
86%
Gen 1 #0019 Normal Rattata
86%
Gen 1 #0021 Normal/Flying Spearow
86%
Gen 1 #0121 Water/Psychic Starmie
86%
Gen 1 #0120 Water Staryu
86%
Gen 1 #0134 Water Vaporeon
86%
Gen 1 #0049 Bug/Poison Venomoth
86%
Gen 1 #0048 Bug/Poison Venonat
86%
Gen 1 #0013 Bug/Poison Weedle
86%
Gen 1 #0113 Normal Chansey
79%
Gen 1 #0036 Fairy Clefable
79%
Gen 1 #0035 Fairy Clefairy
79%
Gen 2 #0173 Fairy Cleffa
79%
Gen 1 #0050 Ground Diglett
79%
Gen 1 #0147 Dragon Dratini
79%
Gen 1 #0051 Ground Dugtrio
79%
Gen 1 #0125 Electric Electabuzz
79%
Gen 1 #0101 Electric Electrode
79%
Gen 1 #0136 Fire Flareon
79%
Gen 1 #0092 Ghost/Poison Gastly
79%
Gen 1 #0094 Ghost/Poison Gengar
79%
Gen 1 #0074 Rock/Ground Geodude
79%
Gen 1 #0044 Grass/Poison Gloom
79%
Gen 1 #0118 Water Goldeen
79%
Gen 1 #0076 Rock/Ground Golem
79%
Gen 1 #0075 Rock/Ground Graveler
79%
Gen 1 #0093 Ghost/Poison Haunter
79%
Gen 1 #0039 Normal/Fairy Jigglypuff
79%
Gen 4 #0470 Grass Leafeon
79%
Gen 1 #0068 Fighting Machamp
79%
Gen 1 #0066 Fighting Machop
79%
Gen 1 #0056 Fighting Mankey
79%
Gen 1 #0038 Fire Ninetales
79%
Gen 1 #0043 Grass/Poison Oddish
79%
Gen 1 #0095 Rock/Ground Onix
79%
Gen 1 #0060 Water Poliwag
79%
Gen 1 #0061 Water Poliwhirl
79%
Gen 1 #0062 Water/Fighting Poliwrath
79%
Gen 1 #0057 Fighting Primeape
79%
Gen 1 #0027 Ground Sandshrew
79%
Gen 1 #0028 Ground Sandslash
79%
Gen 1 #0143 Normal Snorlax
79%
Gen 1 #0073 Water/Poison Tentacruel
79%
Gen 2 #0197 Dark Umbreon
79%
Gen 1 #0100 Electric Voltorb
79%
Gen 1 #0037 Fire Vulpix
79%
Gen 1 #0040 Normal/Fairy Wigglytuff
79%
Gen 1 #0145 Electric/Flying Zapdos
79%
Gen 2 #0153 Grass Bayleef
71%
Gen 3 #0374 Steel/Psychic Beldum
71%
Gen 1 #0069 Grass/Poison Bellsprout
71%
Gen 2 #0152 Grass Chikorita
71%
Gen 2 #0155 Fire Cyndaquil
71%
Gen 1 #0087 Water/Ice Dewgong
71%
Gen 4 #0466 Electric Electivire
71%
Gen 2 #0196 Psychic Espeon
71%
Gen 1 #0083 Normal/Flying Farfetch’d
71%
Gen 1 #0055 Water Golduck
71%
Gen 1 #0130 Water/Flying Gyarados
71%
Gen 1 #0107 Fighting Hitmonchan
71%
Gen 1 #0106 Fighting Hitmonlee
71%
Gen 1 #0116 Water Horsea
71%
Gen 1 #0115 Normal Kangaskhan
71%
Gen 1 #0109 Poison Koffing
71%
Gen 1 #0108 Normal Lickitung
71%
Gen 1 #0067 Fighting Machoke
71%
Gen 1 #0129 Water Magikarp
71%
Gen 1 #0126 Fire Magmar
71%
Gen 1 #0081 Electric/Steel Magnemite
71%
Gen 1 #0082 Electric/Steel Magneton
71%
Gen 2 #0179 Electric Mareep
71%
Gen 2 #0154 Grass Meganium
71%
Gen 1 #0052 Normal Meowth
71%
Gen 3 #0376 Steel/Psychic Metagross
71%
Gen 1 #0053 Normal Persian
71%
Gen 2 #0172 Electric Pichu
71%
Gen 1 #0077 Fire Ponyta
71%
Gen 1 #0137 Normal Porygon
71%
Gen 1 #0054 Water Psyduck
71%
Gen 2 #0156 Fire Quilava
71%
Gen 1 #0078 Fire Rapidash
71%
Gen 1 #0112 Ground/Rock Rhydon
71%
Gen 1 #0111 Ground/Rock Rhyhorn
71%
Gen 1 #0119 Water Seaking
71%
Gen 1 #0086 Water Seel
71%
Gen 1 #0080 WaterPsychic Slowbro
71%
Gen 1 #0079 Water/Psychic Slowpoke
71%
Gen 1 #0114 Grass Tangela
71%
Gen 1 #0072 Water/Poison Tentacool
71%
Gen 2 #0157 Fire Typhlosion
71%
Gen 1 #0071 Grass/Poison Victreebel
71%
Gen 1 #0045 Grass/Poison Vileplume
71%
Gen 1 #0110 Poison Weezing
71%
Gen 1 #0142 Rock/Flying Aerodactyl
64%
Gen 2 #0181 Electric Ampharos
64%
Gen 4 #0493 Any Arceus
64%
Gen 2 #0182 Grass Bellossom
64%
Gen 2 #0242 Normal Blissey
64%
Gen 1 #0091 Water/Ice Cloyster
64%
Gen 1 #0104 Ground Cubone
64%
Gen 1 #0132 Normal Ditto
64%
Gen 1 #0085 Normal/Flying Dodrio
64%
Gen 1 #0084 Normal/Flying Doduo
64%
Gen 3 #0309 Electric Electrike
64%
Gen 2 #0239 Electric Elekid
64%
Gen 4 #0395 Water/Steel Empoleon
64%
Gen 1 #0102 Grass/Psychic Exeggcute
64%
Gen 2 #0180 Electric Flaaffy
64%
Gen 2 #0162 Normal Furret
64%
Gen 4 #0471 Ice Glaceon
64%
Gen 1 #0042 Poison/Flying Golbat
64%
Gen 2 #0250 Fire/Flying Ho-Oh
64%
Gen 2 #0187 Grass/Flying Hoppip
64%
Gen 4 #0392 Fire/Fighting Infernape
64%
Gen 2 #0189 Grass/Flying Jumpluff
64%
Gen 1 #0099 Water Kingler
64%
Gen 1 #0098 Water Krabby
64%
Gen 3 #0382 Water Kyogre
64%
Gen 2 #0246 Rock/Ground Larvitar
64%
Gen 2 #0249 Psychic/Flying Lugia
64%
Gen 4 #0467 Fire Magmortar
64%
Gen 1 #0105 Ground Marowak
64%
Gen 3 #0375 Steel/Psychic Metang
64%
Gen 2 #0177 Psychic/Flying Natu
64%
Gen 5 #0511 Grass Pansage
64%
Gen 1 #0046 Bug/Grass Paras
64%
Gen 1 #0047 Bug/Grass Parasect
64%
Gen 1 #0127 Bug Pinsir
64%
Gen 4 #0393 Water Piplup
64%
Gen 4 #0394 Water Prinplup
64%
Gen 2 #0195 Water/Ground Quagsire
64%
Gen 3 #0378 Ice Regice
64%
Gen 4 #0486 Normal Regigigas
64%
Gen 3 #0377 Rock Regirock
64%
Gen 3 #0379 Steel Registeel
64%
Gen 2 #0212 Bug/Steel Scizor
64%
Gen 1 #0123 Bug/Flying Scyther
64%
Gen 1 #0117 Water Seadra
64%
Gen 1 #0090 Water Shellder
64%
Gen 2 #0199 Water/Psychic Slowking
64%
Gen 4 #0398 Normal/Flying Staraptor
64%
Gen 2 #0208 Steel/Ground Steelix
64%
Gen 6 #0700 Fairy Sylveon
64%
Gen 4 #0465 Grass Tangrowth
64%
Gen 1 #0128 Normal Tauros
64%
Gen 4 #0468 Fairy/Flying Togekiss
64%
Gen 2 #0175 Fairy Togepi
64%
Gen 2 #0176 Fairy/Flying Togetic
64%
Gen 3 #0255 Fire Torchic
64%
Gen 2 #0158 Water Totodile
64%
Gen 4 #0387 Grass Turtwig
64%
Gen 2 #0248 Rock/Dark Tyranitar
64%
Gen 4 #0461 Dark/Ice Weavile
64%
Gen 1 #0070 Grass/Poison Weepinbell
64%
Gen 2 #0178 Psychic/Flying Xatu
64%
Gen 1 #0041 Poison/Flying Zubat
64%
Gen 2 #0168 Bug/Poison Ariados
57%
Gen 2 #0184 Water/Fairy Azumarill
57%
Gen 3 #0298 Normal/Fairy Azurill
57%
Gen 3 #0371 Dragon Bagon
57%
Gen 3 #0267 Bug/Flying Beautifly
57%
Gen 3 #0257 Fire/Fighting Blaziken
57%
Gen 4 #0438 Rock Bonsly
57%
Gen 4 #0390 Fire Chimchar
57%
Gen 2 #0170 Water/Electric Chinchou
57%
Gen 4 #0408 Rock Cranidos
57%
Gen 2 #0169 Poison/Flying Crobat
57%
Gen 2 #0159 Water Croconaw
57%
Gen 4 #0491 Dark Darkrai
57%
Gen 1 #0096 Psychic Drowzee
57%
Gen 5 #0500 Fire/Fighting Emboar
57%
Gen 1 #0103 Grass/Psychic Exeggutor
57%
Gen 3 #0295 Normal Exploud
57%
Gen 2 #0160 Water Feraligatr
57%
Gen 4 #0445 Dragon/Ground Garchomp
57%
Gen 3 #0282 Psychic/Fairy Gardevoir
57%
Gen 4 #0443 Dragon/Ground Gible
57%
Gen 4 #0388 Grass Grotle
57%
Gen 3 #0383 Ground Groudon
57%
Gen 3 #0253 Grass Grovyle
57%
Gen 2 #0237 Fighting Hitmontop
57%
Gen 2 #0163 Normal/Flying Hoothoot
57%
Gen 1 #0097 Psychic Hypno
57%
Gen 2 #0230 Water/Dragon Kingdra
57%
Gen 5 #0553 Ground/Dark Krookodile
57%
Gen 2 #0166 Bug/Flying Ledian
57%
Gen 2 #0165 Bug/Flying Ledyba
57%
Gen 4 #0448 Fighting/Steel Lucario
57%
Gen 2 #0240 Fire Magby
57%
Gen 4 #0462 Electric/Steel Magnezone
57%
Gen 3 #0310 Electric Manectric
57%
Gen 2 #0183 Water/Fairy Marill
57%
Gen 4 #0391 Fire/Fighting Monferno
57%
Gen 1 #0122 Psychic/Fairy Mr. Mime
57%
Gen 3 #0258 Water Mudkip
57%
Gen 2 #0164 Normal/Flying Noctowl
57%
Gen 5 #0515 Water Panpour
57%
Gen 5 #0513 Fire Pansear
57%
Gen 5 #0519 Normal/Flying Pidove
57%
Gen 2 #0233 Normal Porygon2
57%
Gen 4 #0474 Normal Porygon-Z
57%
Gen 2 #0247 Rock/Ground Pupitar
57%
Gen 2 #0243 Electric Raikou
57%
Gen 3 #0280 Psychic/Fairy Ralts
57%
Gen 4 #0409 Rock Rampardos
57%
Gen 3 #0384 Dragon/Flying Rayquaza
57%
Gen 5 #0643 Dragon/Fire Reshiram
57%
Gen 4 #0464 Ground/Rock Rhyperior
57%
Gen 4 #0447 Fighting Riolu
57%
Gen 4 #0479 Electric/Ghost Rotom
57%
Gen 2 #0161 Normal Sentret
57%
Gen 5 #0512 Grass Simisage
57%
Gen 2 #0188 Grass/Flying Skiploom
57%
Gen 2 #0238 Ice/Psychic Smoochum
57%
Gen 4 #0396 Normal/Flying Starly
57%
Gen 2 #0185 Rock Sudowoodo
57%
Gen 2 #0245 Water Suicune
57%
Gen 5 #0498 Fire Tepig
57%
Gen 4 #0389 Grass/Ground Torterra
57%
Gen 5 #0521 Normal/Flying Unfezant
57%
Gen 5 #0494 Psychic/Fire Victini
57%
Gen 2 #0194 Water/Ground Wooper
57%
Gen 3 #0265 Bug Wurmple
57%
Gen 4 #0469 Bug/Flying Yanmega
57%
Gen 4 #0460 Grass/Ice Abomasnow
50%
Gen 3 #0306 Steel/Rock Aggron
50%
Gen 3 #0304 Steel/Rock Aron
50%
Gen 3 #0343 Ground/Psychic Baltoy
50%
Gen 4 #0399 Normal Bidoof
50%
Gen 3 #0286 Grass/Fighting Breloom
50%
Gen 4 #0406 Grass/Poison Budew
50%
Gen 3 #0268 Bug Cascoon
50%
Gen 3 #0344 Ground/Psychic Claydol
50%
Gen 9 #0980 Poison/Ground Clodsire
50%
Gen 3 #0256 Fire/Fighting Combusken
50%
Gen 3 #0341 Water Corphish
50%
Gen 3 #0342 Water/Dark Crawdaunt
50%
Gen 4 #0488 Psychic Cresselia
50%
Gen 2 #0225 Ice/Flying Delibird
50%
Gen 4 #0483 Steel/Dragon Dialga
50%
Gen 4 #0426 Ghost/Flying Drifblim
50%
Gen 4 #0425 Ghost/Flying Drifloon
50%
Gen 3 #0269 Bug/Poison Dustox
50%
Gen 2 #0244 Fire Entei
50%
Gen 3 #0330 Ground/Dragon Flygon
50%
Gen 4 #0444 Dragon/Ground Gabite
50%
Gen 4 #0475 Psychic/Fighting Gallade
50%
Gen 5 #0526 Rock Gigalith
50%
Gen 2 #0203 Normal/Psychic Girafarig
50%
Gen 4 #0487 Ghost/Dragon Giratina
50%
Gen 3 #0362 Ice Glalie
50%
Gen 2 #0207 Ground/Flying Gligar
50%
Gen 4 #0472 Ground/Flying Gliscor
50%
Gen 4 #0440 Normal Happiny
50%
Gen 4 #0485 Fire/Steel Heatran
50%
Gen 6 #0720 Psychic/(Ghost/Dark) Hoopa
50%
Gen 2 #0229 Dark/Fire Houndoom
50%
Gen 2 #0228 Dark/Fire Houndour
50%
Gen 7 #0727 Fire/Dark Incineroar
50%
Gen 3 #0385 Steel/Psychic Jirachi
50%
Gen 3 #0281 Psychic/Fairy Kirlia
50%
Gen 4 #0401 Bug Kricketot
50%
Gen 4 #0402 Bug Kricketune
50%
Gen 2 #0171 Water/Electric Lanturn
50%
Gen 3 #0380 Dragon/Psychic Latias
50%
Gen 3 #0381 Dragon/Psychic Latios
50%
Gen 4 #0463 Normal Lickilicky
50%
Gen 3 #0345 Rock/Grass Lileep
50%
Gen 7 #0725 Fire Litten
50%
Gen 3 #0271 Water/Grass Lombre
50%
Gen 3 #0270 Water/Grass Lotad
50%
Gen 3 #0294 Normal Loudred
50%
Gen 3 #0272 Water/Grass Ludicolo
50%
Gen 4 #0404 Electric Luxio
50%
Gen 4 #0405 Electric Luxray
50%
Gen 4 #0490 Water Manaphy
50%
Gen 3 #0259 Water/Ground Marshtomp
50%
Gen 3 #0262 Dark Mightyena
50%
Gen 3 #0312 Electric Minun
50%
Gen 2 #0200 Ghost Misdreavus
50%
Gen 4 #0446 Normal Munchlax
50%
Gen 3 #0290 Bug/Ground Nincada
50%
Gen 3 #0291 Bug/Flying Ninjask
50%
Gen 3 #0274 Grass/Dark Nuzleaf
50%
Gen 5 #0501 Water Oshawott
50%
Gen 4 #0417 Electric Pachirisu
50%
Gen 4 #0484 Water/Dragon Palkia
50%
Gen 5 #0536 Water/Ground Palpitoad
50%
Gen 2 #0231 Ground Phanpy
50%
Gen 4 #0489 Water Phione
50%
Gen 5 #0499 Fire/Fighting Pignite
50%
Gen 2 #0221 Ice/Ground Piloswine
50%
Gen 2 #0186 Water Politoed
50%
Gen 3 #0261 Dark Poochyena
50%
Gen 6 #0668 Fire/Normal Pyroar
50%
Gen 2 #0211 Water/Poison Qwilfish
50%
Gen 3 #0315 Grass/Poison Roselia
50%
Gen 4 #0407 Grass/Poison Roserade
50%
Gen 3 #0302 Dark/Ghost Sableye
50%
Gen 3 #0373 Dragon/Flying Salamence
50%
Gen 5 #0503 Water Samurott
50%
Gen 5 #0551 Ground/Dark Sandile
50%
Gen 3 #0254 Grass Sceptile
50%
Gen 3 #0364 Ice/Water Sealeo
50%
Gen 3 #0273 Grass Seedot
50%
Gen 5 #0537 Water/Ground Seismitoad
50%
Gen 5 #0497 Grass Serperior
50%
Gen 5 #0496 Grass Servine
50%
Gen 3 #0319 Water/Dark Sharpedo
50%
Gen 4 #0492 Grass Shaymin
50%
Gen 3 #0292 Bug/Ghost Shedinja
50%
Gen 3 #0372 Dragon Shelgon
50%
Gen 3 #0275 Grass/Dark Shiftry
50%
Gen 3 #0285 Grass Shroomish
50%
Gen 3 #0266 Bug Silcoon
50%
Gen 5 #0516 Water Simipour
50%
Gen 5 #0514 Fire Simisear
50%
Gen 3 #0289 Normal Slaking
50%
Gen 3 #0287 Normal Slakoth
50%
Gen 2 #0215 Dark/Ice Sneasel
50%
Gen 5 #0495 Grass Snivy
50%
Gen 3 #0361 Ice Snorunt
50%
Gen 4 #0459 Grass/Ice Snover
50%
Gen 3 #0363 Ice/Water Spheal
50%
Gen 2 #0167 Bug/Poison Spinarak
50%
Gen 4 #0397 Normal/Flying Staravia
50%
Gen 3 #0333 Normal/Flying Swablu
50%
Gen 3 #0260 Water/Ground Swampert
50%
Gen 2 #0216 Normal Teddiursa
50%
Gen 3 #0324 Fire Torkoal
50%
Gen 7 #0726 Fire Torracat
50%
Gen 5 #0520 Normal/Flying Tranquill
50%
Gen 3 #0328 Ground Trapinch
50%
Gen 3 #0252 Grass Treecko
50%
Gen 2 #0236 Fighting Tyrogue
50%
Gen 2 #0201 Psychic Unown
50%
Gen 2 #0217 Normal Ursaring
50%
Gen 3 #0329 Ground/Dragon Vibrava
50%
Gen 3 #0288 Normal Vigoroth
50%
Gen 3 #0320 Water Wailmer
50%
Gen 3 #0321 Water Wailord
50%
Gen 3 #0365 Ice/Water Walrein
50%
Gen 3 #0340 Water/Ground Whiscash
50%
Gen 3 #0293 Normal Whismur
50%
Gen 9 #0960 Water Wiglett
50%
Gen 3 #0278 Water/Flying Wingull
50%
Gen 4 #0413 Bug/(Grass/Ground/Steel) Wormadam
50%
Gen 9 #0961 Water Wugtrio
50%
Gen 2 #0193 Bug/Flying Yanma
50%
Gen 5 #0644 Dragon/Electric Zekrom
50%
Gen 3 #0334 Dragon/Flying Altaria
43%
Gen 3 #0347 Rock/Bug Anorith
43%
Gen 4 #0482 Psychic Azelf
43%
Gen 3 #0354 Ghost Banette
43%
Gen 3 #0339 Water/Ground Barboach
43%
Gen 4 #0400 Normal/Water Bibarel
43%
Gen 5 #0522 Electric Blitzle
43%
Gen 5 #0525 Rock Boldore
43%
Gen 4 #0437 Steel/Psychic Bronzong
43%
Gen 4 #0436 Steel/Psychic Bronzor
43%
Gen 4 #0418 Water Buizel
43%
Gen 6 #0659 Normal Bunnelby
43%
Gen 4 #0412 Bug Burmy
43%
Gen 3 #0331 Grass Cacnea
43%
Gen 3 #0332 Grass/Dark Cacturne
43%
Gen 3 #0323 Fire/Ground Camerupt
43%
Gen 3 #0318 Water/Dark Carvanha
43%
Gen 3 #0351 Normal Castform
43%
Gen 2 #0251 Psychic/Grass Celebi
43%
Gen 6 #0652 Grass/Fighting Chesnaught
43%
Gen 6 #0650 Grass Chespin
43%
Gen 3 #0358 Psychic Chimecho
43%
Gen 4 #0433 Psychic Chingling
43%
Gen 3 #0366 Water Clamperl
43%
Gen 4 #0415 Bug/Flying Combee
43%
Gen 3 #0346 Rock/Grass Cradily
43%
Gen 4 #0453 Poison/Fighting Croagunk
43%
Gen 5 #0558 Bug/Rock Crustle
43%
Gen 3 #0386 Psychic Deoxys
43%
Gen 5 #0502 Water Dewott
43%
Gen 6 #0660 Normal/Ground Diggersby
43%
Gen 2 #0232 Ground Donphan
43%
Gen 6 #0680 Steel/Ghost Doublade
43%
Gen 4 #0452 Poison/Dark Drapion
43%
Gen 5 #0529 Ground Drilbur
43%
Gen 2 #0206 Normal Dunsparce
43%
Gen 3 #0356 Ghost Dusclops
43%
Gen 4 #0477 Ghost Dusknoir
43%
Gen 3 #0355 Ghost Duskull
43%
Gen 5 #0557 Bug/Rock Dwebble
43%
Gen 5 #0530 Ground/Steel Excadrill
43%
Gen 3 #0349 Water Feebas
43%
Gen 6 #0653 Fire Fennekin
43%
Gen 6 #0661 Normal/Flying Fletchling
43%
Gen 4 #0419 Water Floatzel
43%
Gen 6 #0656 Water Froakie
43%
Gen 6 #0657 Water Frogadier
43%
Gen 4 #0478 Ice/Ghost Froslass
43%
Gen 4 #0423 Water/Ground Gastrodon
43%
Gen 4 #0431 Normal Glameow
43%
Gen 5 #0623 Ground/Ghost Golurk
43%
Gen 2 #0210 Fairy Granbull
43%
Gen 6 #0658 Water/Dark Greninja
43%
Gen 3 #0297 Fighting Hariyama
43%
Gen 2 #0214 Bug/Fighting Heracross
43%
Gen 4 #0449 Ground Hippopotas
43%
Gen 4 #0450 Ground Hippowdon
43%
Gen 4 #0430 Dark/Flying Honchkrow
43%
Gen 2 #0174 Normal/Fairy Igglybuff
43%
Gen 8 #0818 Water Inteleon
43%
Gen 9 #0991 Ice/Water Iron Bundle
43%
Gen 5 #0595 Bug/Electric Joltik
43%
Gen 5 #0552 Ground/Dark Krokorok
43%
Gen 5 #0646 Dragon/Ice Kyurem
43%
Gen 3 #0305 Steel/Rock Lairon
43%
Gen 5 #0542 Bug/Grass Leavanny
43%
Gen 5 #0549 Grass Lilligant
43%
Gen 5 #0506 Normal Lillipup
43%
Gen 3 #0264 Normal Linoone
43%
Gen 6 #0667 Fire/Normal Litleo
43%
Gen 5 #0607 Ghost/Fire Litwick
43%
Gen 7 #0792 Psychic/Ghost Lunala
43%
Gen 3 #0337 Rock/Psychic Lunatone
43%
Gen 3 #0370 Water Luvdisc
43%
Gen 2 #0219 Fire/Rock Magcargo
43%
Gen 3 #0296 Fighting Makuhita
43%
Gen 4 #0473 Ice/Ground Mamoswine
43%
Gen 2 #0226 Water/Flying Mantine
43%
Gen 4 #0458 Water/Flying Mantyke
43%
Gen 3 #0284 Bug/Flying Masquerain
43%
Gen 3 #0303 Steel/Fairy Mawile
43%
Gen 3 #0308 Fighting/Psychic Medicham
43%
Gen 3 #0307 Fighting/Psychic Meditite
43%
Go #0809 Steel Melmetal
43%
Go #0808 Steel Meltan
43%
Gen 2 #0241 Normal Miltank
43%
Gen 4 #0429 Ghost Mismagius
43%
Gen 4 #0414 Bug/Flying Mothim
43%
Gen 2 #0198 Dark/Flying Murkrow
43%
Gen 3 #0299 Rock Nosepass
43%
Gen 3 #0322 Fire/Ground Numel
43%
Gen 5 #0504 Normal Patrat
43%
Gen 3 #0279 Water/Flying Pelipper
43%
Gen 3 #0311 Electric Plusle
43%
Gen 7 #0803 Poison Poipole
43%
Gen 4 #0476 Rock/Steel Probopass
43%
Gen 5 #0509 Dark Purrloin
43%
Gen 4 #0432 Normal Purugly
43%
Gen 8 #0895 Dragon Regidrago
43%
Gen 8 #0894 Electric Regieleki
43%
Gen 3 #0369 Water/Rock Relicanth
43%
Gen 5 #0524 Rock Roggenrola
43%
Gen 7 #0722 Grass/Flying Rowlet
43%
Gen 5 #0539 Fighting Sawk
43%
Gen 5 #0545 Bug/Poison Scolipede
43%
Gen 5 #0560 Dark/Fighting Scrafty
43%
Gen 5 #0559 Dark/Fighting Scraggy
43%
Gen 3 #0336 Poison Seviper
43%
Gen 5 #0540 Bug/Grass Sewaddle
43%
Gen 4 #0422 Water Shellos
43%
Gen 4 #0403 Electric Shinx
43%
Gen 8 #0865 Fighting Sirfetch'd
43%
Gen 2 #0227 Steel/Flying Skarmory
43%
Gen 2 #0218 Fire Slugma
43%
Gen 2 #0209 Fairy Snubbull
43%
Gen 8 #0816 Water Sobble
43%
Gen 7 #0791 Psychic/Steel Solgaleo
43%
Gen 3 #0338 Rock/Psychic Solrock
43%
Gen 2 #0192 Grass Sunflora
43%
Gen 3 #0283 Bug/Water Surskit
43%
Gen 5 #0541 Bug/Grass Swadloon
43%
Gen 3 #0277 Normal/Flying Swellow
43%
Gen 2 #0220 Ice/Ground Swinub
43%
Gen 3 #0276 Normal/Flying Taillow
43%
Gen 7 #0785 Electric/Fairy Tapu Koko
43%
Gen 7 #0786 Psychic/Fairy Tapu Lele
43%
Gen 5 #0538 Fighting Throh
43%
Gen 3 #0357 Grass/Flying Tropius
43%
Gen 5 #0535 Water Tympole
43%
Gen 7 #0772 Normal Type: Null
43%
Gen 4 #0480 Psychic Uxie
43%
Gen 4 #0416 Bug/Flying Vespiquen
43%
Gen 5 #0637 Bug/Fire Volcarona
43%
Gen 9 #1009 Water/Dragon Walking Wake
43%
Gen 5 #0505 Normal Watchog
43%
Gen 5 #0547 Grass/Fairy Whimsicott
43%
Gen 5 #0544 Bug/Poison Whirlipede
43%
Gen 2 #0202 Psychic Wobbuffet
43%
Gen 3 #0360 Psychic Wynaut
43%
Gen 6 #0716 Fairy Xerneas
43%
Gen 5 #0523 Electric Zebstrika
43%
Gen 3 #0263 Normal Zigzagoon
43%
Gen 3 #0359 Dark Absol
36%
Gen 6 #0681 Steel/Ghost Aegislash
36%
Gen 2 #0190 Normal Aipom
36%
Gen 4 #0424 Normal Ambipom
36%
Gen 9 #0979 Fighting/Ghost Annihilape
36%
Gen 8 #0840 Grass/Dragon Applin
36%
Gen 5 #0566 Rock/Flying Archen
36%
Gen 5 #0567 Rock/Flying Archeops
36%
Gen 3 #0348 Rock/Bug Armaldo
36%
Gen 5 #0531 Normal Audino
36%
Gen 6 #0713 Ice Avalugg
36%
Gen 5 #0610 Dragon Axew
36%
Gen 5 #0550 Water Basculin
36%
Gen 4 #0411 Rock/Steel Bastiodon
36%
Gen 5 #0614 Ice Beartic
36%
Gen 6 #0712 Ice Bergmite
36%
Gen 7 #0760 Normal/Fighting Bewear
36%
Gen 6 #0654 Fire Braixen
36%
Gen 5 #0628 Normal/Flying Braviary
36%
Gen 7 #0729 Water Brionne
36%
Gen 7 #0779 Water/Psychic Bruxish
36%
Gen 4 #0427 Normal Buneary
36%
Gen 7 #0794 Bug/Fighting Buzzwole
36%
Gen 4 #0455 Grass Carnivine
36%
Gen 5 #0565 Water/Rock Carracosta
36%
Gen 7 #0797 Steel/Flying Celesteela
36%
Gen 5 #0609 Ghost/Fire Chandelure
36%
Gen 7 #0737 Bug/Electric Charjabug
36%
Gen 4 #0441 Normal/Flying Chatot
36%
Gen 4 #0421 Grass Cherrim
36%
Gen 4 #0420 Grass Cherubi
36%
Gen 5 #0573 Normal Cinccino
36%
Gen 8 #0815 Fire Cinderace
36%
Gen 8 #0839 Rock/Fire Coalossal
36%
Gen 5 #0534 Fighting Conkeldurr
36%
Gen 7 #0790 Psychic Cosmoem
36%
Gen 7 #0789 Psychic Cosmog
36%
Gen 5 #0546 Grass/Fairy Cottonee
36%
Gen 7 #0739 Fighting Crabrawler
36%
Gen 5 #0613 Ice Cubchoo
36%
Gen 7 #0742 Bug/Fairy Cutiefly
36%
Gen 7 #0723 Grass/Flying Dartrix
36%
Gen 7 #0724 Grass/Ghost Decidueye
36%
Gen 5 #0633 Dark/Dragon Deino
36%
Gen 3 #0301 Normal Delcatty
36%
Gen 6 #0655 Fire/Psychic Delphox
36%
Gen 7 #0751 Water/Bug Dewpider
36%
Gen 6 #0691 Poison/Dragon Dragalge
36%
Gen 5 #0632 Bug/Steel Durant
36%
Gen 5 #0603 Electric Eelektrik
36%
Gen 5 #0604 Electric Eelektross
36%
Gen 5 #0587 Electric/Flying Emolga
36%
Gen 9 #0981 Normal/Psychic Farigiraf
36%
Gen 5 #0597 Grass/Steel Ferroseed
36%
Gen 8 #0841 Grass/Dragon Flapple
36%
Gen 6 #0662 Fire/Flying Fletchinder
36%
Gen 2 #0205 Bug/Steel Forretress
36%
Gen 5 #0611 Dragon Fraxure
36%
Gen 5 #0569 Poison Garbodor
36%
Gen 5 #0649 Bug/Steel Genesect
36%
Gen 6 #0673 Grass Gogoat
36%
Gen 6 #0706 Dragon Goodra
36%
Gen 6 #0704 Dragon Goomy
36%
Gen 3 #0368 Water Gorebyss
36%
Gen 9 #0984 Ground/Fighting Great Tusk
36%
Gen 8 #0810 Grass Grookey
36%
Gen 3 #0326 Psychic Grumpig
36%
Gen 3 #0316 Poison Gulpin
36%
Gen 5 #0533 Fighting Gurdurr
36%
Gen 8 #0857 Psychic Hattrem
36%
Gen 5 #0612 Dragon Haxorus
36%
Gen 5 #0631 Fire Heatmor
36%
Gen 5 #0507 Normal Herdier
36%
Gen 3 #0367 Water Huntail
36%
Gen 5 #0635 Dark/Dragon Hydreigon
36%
Gen 3 #0314 Bug Illumise
36%
Gen 9 #1010 Grass/Psychic Iron Leaves
36%
Gen 9 #0994 Fire/Poison Iron Moth
36%
Gen 9 #0990 Ground/Steel Iron Treads
36%
Gen 9 #1006 Fighting/Fairy Iron Valiant
36%
Gen 5 #0593 Water/Ghost Jellicent
36%
Gen 7 #0798 Grass/Steel Kartana
36%
Gen 3 #0352 Normal Kecleon
36%
Gen 9 #0983 Dark/Steel Kingambit
36%
Gen 5 #0600 Steel Klang
36%
Legends #0900 Bug/Rock Kleavor
36%
Gen 6 #0707 Steel/Fairy Klefki
36%
Gen 5 #0599 Steel Klink
36%
Gen 5 #0645 Ground/Flying Landorus
36%
Gen 5 #0636 Bug/Fire Larvesta
36%
Gen 5 #0510 Dark Liepard
36%
Gen 9 #0920 Bug/Dark Lokix
36%
Gen 4 #0428 Normal Lopunny
36%
Gen 5 #0556 Grass Maractus
36%
Gen 5 #0648 Normal/Psychic Meloetta
36%
Gen 4 #0481 Psychic Mesprit
36%
Gen 3 #0350 Water Milotic
36%
Gen 4 #0439 Psychic/Fairy Mime Jr.
36%
Gen 5 #0572 Normal Minccino
36%
Gen 7 #0774 Rock/Flying Minior
36%
Gen 8 #0866 Ice/Psychic Mr. Rime
36%
Gen 5 #0517 Psychic Munna
36%
Gen 5 #0518 Psychic Musharna
36%
Gen 7 #0800 Psychic Necrozma
36%
Gen 7 #0793 Rock/Poison Nihilego
36%
Gen 6 #0714 Flying/Dragon Noibat
36%
Gen 6 #0715 Flying/Dragon Noivern
36%
Gen 7 #0770 Ghost/Ground Palossand
36%
Gen 5 #0548 Grass Petilil
36%
Gen 7 #0795 Bug/Fighting Pheromosa
36%
Gen 7 #0731 Normal/Flying Pikipek
36%
Gen 2 #0204 Bug Pineco
36%
Gen 8 #0855 Ghost Polteageist
36%
Gen 7 #0728 Water Popplio
36%
Gen 6 #0710 Ghost/Grass Pumpkaboo
36%
Gen 9 #0912 Water Quaxly
36%
Gen 6 #0651 Grass Quilladin
36%
Gen 8 #0814 Fire Raboot
36%
Gen 8 #0812 Grass Rillaboom
36%
Gen 7 #0744 Rock Rockruff
36%
Gen 8 #0813 Fire Scorbunny
36%
Gen 9 #0985 Fairy/Psychic Scream Tail
36%
Gen 4 #0410 Rock/Steel Shieldon
36%
Gen 2 #0213 Bug/Rock Shuckle
36%
Gen 3 #0353 Ghost Shuppet
36%
Gen 5 #0561 Psychic/Flying Sigilyph
36%
Gen 7 #0773 Any Silvally
36%
Gen 3 #0300 Normal Skitty
36%
Gen 4 #0451 Poison/Bug Skorupi
36%
Gen 2 #0235 Normal Smeargle
36%
Legends #0903 Poison/Fighting Sneasler
36%
Gen 3 #0327 Normal Spinda
36%
Gen 4 #0442 Ghost/Dark Spiritomb
36%
Gen 3 #0325 Psychic Spoink
36%
Gen 2 #0234 Normal Stantler
36%
Gen 5 #0508 Normal Stoutland
36%
Gen 2 #0191 Grass Sunkern
36%
Gen 3 #0317 Poison Swalot
36%
Gen 5 #0528 Psychic/Flying Swoobat
36%
Gen 6 #0663 Fire/Flying Talonflame
36%
Gen 7 #0787 Grass/Fairy Tapu Bulu
36%
Gen 7 #0788 Water/Fairy Tapu Fini
36%
Gen 5 #0639 Rock/Fighting Terrakion
36%
Gen 5 #0642 Electric/Flying Thundurus
36%
Gen 5 #0532 Fighting Timburr
36%
Gen 5 #0641 Flying Tornadus
36%
Gen 4 #0454 Poison/Fighting Toxicroak
36%
Gen 6 #0709 Ghost/Grass Trevenant
36%
Gen 5 #0568 Poison Trubbish
36%
Gen 6 #0697 Rock/Dragon Tyrantrum
36%
Legends #0901 Ground/Normal Ursaluna
36%
Gen 5 #0583 Ice Vanillish
36%
Gen 5 #0582 Ice Vanillite
36%
Gen 5 #0584 Ice Vanilluxe
36%
Gen 5 #0543 Bug/Poison Venipede
36%
Gen 7 #0738 Bug/Electric Vikavolt
36%
Gen 3 #0313 Bug Volbeat
36%
Gen 5 #0527 Psychic/Flying Woobat
36%
Gen 5 #0562 Ghost Yamask
36%
Gen 6 #0717 Dark/Flying Yveltal
36%
Gen 3 #0335 Normal Zangoose
36%
Gen 5 #0571 Dark Zoroark
36%
Gen 5 #0570 Dark Zorua
36%
Gen 5 #0634 Dark/Dragon Zweilous
36%
Gen 6 #0718 Dragon/Ground Zygarde
36%
Gen 5 #0617 Bug Accelgor
29%
Gen 5 #0594 Water Alomomola
29%
Gen 6 #0698 Rock/Ice Amaura
29%
Gen 5 #0591 Grass/Poison Amoonguss
29%
Gen 8 #0842 Grass/Dragon Appletun
29%
Gen 7 #0752 Water/Bug Araquanid
29%
Gen 9 #0936 Fire/Psychic Armarouge
29%
Gen 6 #0683 Fairy Aromatisse
29%
Gen 6 #0699 Rock/Ice Aurorus
29%
Gen 6 #0689 Rock/Water Barbaracle
29%
Legends #0902 Water/Ghost Basculegion
29%
Gen 5 #0606 Psychic Beheeyem
29%
Gen 6 #0688 Rock/Water Binacle
29%
Gen 5 #0625 Dark/Steel Bisharp
29%
Gen 7 #0806 Fire/Ghost Blacephalon
29%
Gen 8 #0824 Bug Blipbug
29%
Gen 5 #0626 Normal Bouffalant
29%
Gen 7 #0761 Grass Bounsweet
29%
Gen 8 #0898 Psychic/Grass Calyrex
29%
Gen 6 #0703 Rock/Fairy Carbink
29%
Gen 8 #0851 Fire/Bug Centiskorch
29%
Gen 6 #0692 Water Clauncher
29%
Gen 6 #0693 Water Clawitzer
29%
Gen 5 #0638 Steel/Fighting Cobalion
29%
Gen 5 #0563 Ghost Cofagrigus
29%
Gen 7 #0764 Fairy Comfey
29%
Gen 2 #0222 Water/Rock Corsola
29%
Gen 8 #0823 Flying/Steel Corviknight
29%
Gen 8 #0822 Flying Corvisquire
29%
Gen 7 #0740 Fighting/Ice Crabominable
29%
Gen 5 #0615 Ice Cryogonal
29%
Gen 8 #0864 Ghost Cursola
29%
Gen 5 #0555 Fire Darmanitan
29%
Gen 5 #0554 Fire Darumaka
29%
Gen 6 #0702 Electric/Fairy Dedenne
29%
Gen 5 #0585 Normal/Grass Deerling
29%
Gen 7 #0781 Ghost/Grass Dhelmise
29%
Gen 6 #0719 Rock/Fairy Diancie
29%
Gen 9 #1011 Grass/Dragon Dipplin
29%
Gen 7 #0780 Normal/Dragon Drampa
29%
Gen 8 #0834 Water/Rock Drednaw
29%
Gen 5 #0621 Dragon Druddigon
29%
Gen 5 #0580 Water/Flying Ducklett
29%
Gen 9 #0982 Normal Dudunsparce
29%
Gen 5 #0578 Psychic Duosion
29%
Gen 5 #0605 Psychic Elgyem
29%
Gen 5 #0589 Bug/Steel Escavalier
29%
Gen 6 #0677 Psychic Espurr
29%
Gen 5 #0598 Grass/Steel Ferrothorn
29%
Gen 4 #0456 Water Finneon
29%
Gen 6 #0669 Fairy Flabébé
29%
Gen 6 #0670 Fairy Floette
29%
Gen 6 #0671 Fairy Florges
29%
Gen 7 #0753 Grass Fomantis
29%
Gen 5 #0590 Grass/Poison Foongus
29%
Gen 5 #0592 Water/Ghost Frillish
29%
Gen 9 #0909 Fire Fuecoco
29%
Gen 6 #0676 Normal Furfrou
29%
Gen 5 #0596 Bug/Electric Galvantula
29%
Gen 9 #1000 Ghost/Steel Gholdengo
29%
Gen 5 #0622 Ground/Ghost Golett
29%
Gen 7 #0768 Bug/Water Golisopod
29%
Gen 5 #0574 Psychic Gothita
29%
Gen 5 #0576 Psychic Gothitelle
29%
Gen 5 #0575 Psychic Gothorita
29%
Gen 9 #1020 Fire/Dragon Gouging Fire
29%
Gen 6 #0711 Ghost/Grass Gourgeist
29%
Gen 8 #0820 Normal Greedent
29%
Gen 7 #0736 Bug Grubbin
29%
Gen 7 #0735 Normal Gumshoos
29%
Gen 7 #0799 Dark/Dragon Guzzlord
29%
Gen 7 #0783 Dragon/Fighting Hakamo-o
29%
Gen 8 #0858 Psychic/Fairy Hatterene
29%
Gen 6 #0701 Fighting/Flying Hawlucha
29%
Gen 6 #0695 Electric/Normal Heliolisk
29%
Gen 6 #0694 Electric/Normal Helioptile
29%
Gen 6 #0679 Steel/Ghost Honedge
29%
Gen 6 #0686 Dark/Psychic Inkay
29%
Gen 9 #1022 Rock/Psychic Iron Boulder
29%
Gen 9 #1023 Steel/Psychic Iron Crown
29%
Gen 9 #0992 Fighting/Electric Iron Hands
29%
Gen 9 #0993 Dark/Flying Iron Jugulis
29%
Gen 9 #0995 Rock/Electric Iron Thorns
29%
Gen 7 #0782 Dragon Jangmo-o
29%
Gen 5 #0588 Bug Karrablast
29%
Gen 5 #0647 Water/Fighting Keldeo
29%
Gen 5 #0601 Steel Klinklang
29%
Gen 7 #0775 Normal Komala
29%
Gen 7 #0784 Dragon/Fighting Kommo-o
29%
Gen 9 #1007 Fighting/Dragon Koraidon
29%
Gen 8 #0891 Fighting Kubfu
29%
Gen 5 #0608 Ghost/Fire Lampent
29%
Gen 4 #0457 Water Lumineon
29%
Gen 7 #0754 Grass Lurantis
29%
Gen 7 #0745 Rock Lycanroc
29%
Gen 7 #0801 Steel/Fairy Magearna
29%
Gen 6 #0687 Dark/Psychic Malamar
29%
Gen 5 #0630 Dark/Flying Mandibuzz
29%
Gen 7 #0747 Poison/Water Mareanie
29%
Gen 7 #0802 Fighting/Ghost Marshadow
29%
Gen 6 #0678 Psychic Meowstic
29%
Gen 5 #0619 Fighting Mienfoo
29%
Gen 5 #0620 Fighting Mienshao
29%
Gen 7 #0778 Ghost/Fairy Mimikyu
29%
Gen 9 #1008 Electric/Dragon Miraidon
29%
Gen 7 #0755 Grass/Fairy Morelull
29%
Gen 7 #0749 Ground Mudbray
29%
Gen 7 #0750 Ground Mudsdale
29%
Gen 7 #0804 Poison/Dragon Naganadel
29%
Gen 8 #0827 Dark Nickit
29%
Gen 8 #0862 Dark/Normal Obstagoon
29%
Gen 2 #0224 Water Octillery
29%
Gen 7 #0765 Normal/Psychic Oranguru
29%
Gen 8 #0826 Bug/Psychic Orbeetle
29%
Gen 7 #0741 (Fire/Electric/Psychic/Ghost)/Flying Oricorio
29%
Legends #0904 Dark/Poison Overqwil
29%
Gen 6 #0674 Fighting Pancham
29%
Gen 6 #0675 Fighting/Dark Pangoro
29%
Gen 7 #0766 Fighting Passimian
29%
Gen 5 #0624 Dark/Steel Pawniard
29%
Gen 8 #0863 Steel Perrserker
29%
Gen 6 #0708 Ghost/Grass Phantump
29%
Gen 7 #0730 Water/Fairy Primarina
29%
Gen 9 #0913 Water Quaxwell
29%
Gen 9 #1021 Electric/Dragon Raging Bolt
29%
Gen 2 #0223 Water Remoraid
29%
Gen 5 #0579 Psychic Reuniclus
29%
Gen 7 #0743 Bug/Fairy Ribombee
29%
Gen 8 #0837 Rock Rolycoly
29%
Gen 8 #0821 Flying Rookidee
29%
Gen 5 #0627 Normal/Flying Rufflet
29%
Gen 8 #0867 Ground/Ghost Runerigus
29%
Gen 7 #0757 Poison/Fire Salandit
29%
Gen 7 #0758 Poison/Fire Salazzle
29%
Gen 8 #0844 Ground Sandaconda
29%
Gen 7 #0769 Ghost/Ground Sandygast
29%
Gen 9 #0989 Electric/Ground Sandy Shocks
29%
Gen 5 #0586 Normal/Grass Sawsbuck
29%
Gen 6 #0664 Bug Scatterbug
29%
Gen 5 #0616 Bug Shelmet
29%
Gen 7 #0756 Grass/Fairy Shiinotic
29%
Gen 8 #0843 Ground Silicobra
29%
Gen 8 #0854 Ghost Sinistea
29%
Gen 9 #0911 Fire/Ghost Skeledirge
29%
Gen 6 #0672 Grass Skiddo
29%
Gen 6 #0690 Poison/Water Skrelp
29%
Gen 4 #0435 Poison/Dark Skuntank
29%
Gen 6 #0705 Dragon Sliggoo
29%
Gen 6 #0685 Fairy Slurpuff
29%
Gen 8 #0872 Ice/Bug Snom
29%
Gen 5 #0577 Psychic Solosis
29%
Gen 6 #0665 Bug Spewpa
29%
Gen 9 #0918 Bug Spidops
29%
Gen 9 #0906 Grass Sprigatito
29%
Gen 6 #0682 Fairy Spritzee
29%
Gen 7 #0805 Rock/Steel Stakataka
29%
Gen 7 #0762 Grass Steenee
29%
Gen 7 #0759 Normal/Fighting Stufful
29%
Gen 5 #0618 Ground/Electric Stunfisk
29%
Gen 4 #0434 Poison/Dark Stunky
29%
Gen 5 #0581 Water/Flying Swanna
29%
Gen 6 #0684 Fairy Swirlix
29%
Gen 8 #0828 Dark Thievul
29%
Gen 9 #0957 Fairy/Steel Tinkatink
29%
Gen 9 #0959 Fairy/Steel Tinkaton
29%
Gen 5 #0564 Water/Rock Tirtouga
29%
Gen 9 #0948 Grass/Ground Toedscool
29%
Gen 9 #0949 Grass/Ground Toedscruel
29%
Gen 7 #0777 Electric/Steel Togedemaru
29%
Gen 7 #0733 Normal/Flying Toucannon
29%
Gen 7 #0748 Poison/Water Toxapex
29%
Gen 8 #0848 Electric/Poison Toxel
29%
Gen 7 #0732 Normal/Flying Trumbeak
29%
Gen 7 #0763 Grass Tsareena
29%
Gen 7 #0776 Fire/Dragon Turtonator
29%
Gen 5 #0602 Electric Tynamo
29%
Gen 6 #0696 Rock/Dragon Tyrunt
29%
Gen 8 #0892 Fighting/(Dark/Water) Urshifu
29%
Gen 9 #0965 Poison/Steel Varoom
29%
Gen 5 #0640 Grass/Fighting Virizion
29%
Gen 6 #0666 Bug/Flying Vivillon
29%
Gen 6 #0721 Fire/Water Volcanion
29%
Gen 5 #0629 Dark/Flying Vullaby
29%
Gen 7 #0767 Bug/Water Wimpod
29%
Gen 7 #0746 Water Wishiwashi
29%
Legends #0899 Normal/Psychic Wyrdeer
29%
Gen 7 #0796 Electric Xurkitree
29%
Gen 7 #0734 Normal Yungoos
29%
Gen 8 #0889 Fighting Zamazenta
29%
Gen 8 #0893 Dark/Grass Zarude
29%
Gen 7 #0807 Electric Zeraora
29%
Gen 9 #0930 Grass/Normal Arboliva
21%
Gen 8 #0846 Water Arrokuda
21%
Gen 8 #0847 Water Barraskewda
21%
Gen 8 #0836 Electric Boltund
21%
Gen 9 #0947 Grass/Ghost Brambleghast
21%
Gen 9 #0946 Grass/Ghost Bramblin
21%
Gen 9 #0986 Grass/Dark Brute Bonnet
21%
Gen 8 #0838 Rock/Fire Carkol
21%
Gen 9 #0937 Fire/Ghost Ceruledge
21%
Gen 9 #0975 Ice Cetitan
21%
Gen 9 #0935 Fire Charcadet
21%
Gen 8 #0833 Water Chewtle
21%
Gen 9 #1004 Dark/Fire Chi-Yu
21%
Gen 8 #0852 Fighting Clobbopus
21%
Gen 8 #0845 Flying/Water Cramorant
21%
Gen 9 #0910 Fire Crocalor
21%
Gen 9 #0967 Dragon/Normal Cyclizar
21%
Gen 9 #0929 Grass/Normal Dolliv
21%
Gen 8 #0825 Bug/Psychic Dottler
21%
Gen 8 #0817 Water Drizzile
21%
Gen 8 #0832 Normal Dubwool
21%
Gen 8 #0875 Ice Eiscue
21%
Gen 8 #0830 Grass Eldegoss
21%
Legends #0905 Fairy/Flying Enamorus
21%
Gen 8 #0890 Poison/Dragon Eternatus
21%
Gen 8 #0870 Fighting Falinks
21%
Gen 9 #0987 Ghost/Fairy Flutter Mane
21%
Gen 9 #0996 Dragon/Ice Frigibax
21%
Gen 9 #0999 Ghost Gimmighoul
21%
Gen 8 #0896 Ice Glastrier
21%
Gen 9 #0969 Poison/Rock Glimmet
21%
Gen 9 #0970 Poison/Rock Glimmora
21%
Gen 8 #0829 Grass Gossifleur
21%
Gen 9 #0945 Poison/Normal Grafaiai
21%
Gen 8 #0853 Fighting Grapploct
21%
Gen 8 #0861 Dark/Fairy Grimmsnarl
21%
Gen 8 #0856 Psychic Hatenna
21%
Gen 9 #1019 Grass/Dragon Hydrapple
21%
Gen 8 #0859 Dark/Fairy Impidimp
21%
Gen 8 #0876 Psychic/Normal Indeedee
21%
Gen 9 #0941 Flying/Electric Kilowattrel
21%
Gen 9 #0915 Normal Lechonk
21%
Gen 9 #0925 Normal Maushold
21%
Gen 9 #0908 Grass/Dark Meowscarada
21%
Gen 8 #0860 Dark/Fairy Morgrem
21%
Gen 8 #0877 Electric/Dark Morpeko
21%
Gen 9 #1017 Grass/(Water/Fire/Rock) Ogerpon
21%
Gen 9 #0921 Electric Pawmi
21%
Gen 9 #0922 Electric/Fighting Pawmo
21%
Gen 9 #0923 Electric/Fighting Pawmot
21%
Gen 9 #1025 Poison/Ghost Pecharunt
21%
Gen 9 #1012 Grass/Ghost Poltchageist
21%
Gen 7 #0771 Water Pyukumuku
21%
Gen 9 #0914 Water/Fighting Quaquaval
21%
Gen 9 #0966 Poison/Steel Revavroom
21%
Gen 9 #1005 Dragon/Dark Roaring Moon
21%
Gen 8 #0850 Fire/Bug Sizzlipede
21%
Gen 8 #0819 Normal Skwovet
21%
Gen 9 #0988 Bug/Fighting Slither Wing
21%
Gen 9 #0928 Grass/Normal Smoliv
21%
Gen 8 #0897 Ghost Spectrier
21%
Gen 8 #0811 Grass Thwackey
21%
Gen 9 #1003 Dark/Ground Ting-Lu
21%
Gen 9 #0958 Fairy/Steel Tinkatuff
21%
Gen 8 #0849 Electric/Poison Toxtricity
21%
Gen 9 #0940 Flying/Electric Wattrel
21%
Gen 8 #0831 Normal Wooloo
21%
Gen 8 #0835 Electric Yamper
21%
Gen 8 #0888 Fairy Zacian
21%
Gen 8 #0869 Fairy Alcremie
14%
Gen 9 #1018 Steel/Dragon Archaludon
14%
Gen 9 #0997 Dragon/Ice Arctibax
14%
Gen 8 #0883 Water/Ice Arctovish
14%
Gen 8 #0881 Electric/Ice Arctozolt
14%
Gen 9 #0998 Dragon/Ice Baxcalibur
14%
Gen 9 #0939 Electric Bellibolt
14%
Gen 9 #0962 Flying/Dark Bombirdier
14%
Gen 9 #0951 Grass/Fire Capsakid
14%
Gen 9 #0974 Ice Cetoddle
14%
Gen 9 #1002 Dark/Ice Chien-Pao
14%
Gen 8 #0879 Steel Copperajah
14%
Gen 8 #0878 Steel Cufant
14%
Gen 9 #0927 Fairy Dachsbun
14%
Gen 9 #0977 Water Dondozo
14%
Gen 8 #0882 Water/Dragon Dracovish
14%
Gen 8 #0880 Electric/Dragon Dracozolt
14%
Gen 8 #0887 Dragon/Ghost Dragapult
14%
Gen 8 #0886 Dragon/Ghost Drakloak
14%
Gen 8 #0885 Dragon/Ghost Dreepy
14%
Gen 8 #0884 Steel/Dragon Duraludon
14%
Gen 9 #0956 Psychic Espathra
14%
Gen 9 #1016 Poison/Fairy Fezandipiti
14%
Gen 9 #0926 Fairy Fidough
14%
Gen 9 #0963 Water Finizen
14%
Gen 9 #0973 Flying/Fighting Flamigo
14%
Gen 9 #0955 Psychic Flittle
14%
Gen 9 #0907 Grass Floragato
14%
Gen 8 #0873 Ice/Bug Frosmoth
14%
Gen 9 #0934 Rock Garganacl
14%
Gen 9 #0971 Ghost Greavard
14%
Gen 9 #0972 Ghost Houndstone
14%
Gen 9 #0950 Rock Klawf
14%
Gen 9 #0943 Dark Mabosstiff
14%
Gen 9 #0942 Dark Maschiff
14%
Gen 8 #0868 Fairy Milcery
14%
Gen 9 #1015 Poison/Psychic Munkidori
14%
Gen 9 #0932 Rock Nacli
14%
Gen 9 #0933 Rock Naclstack
14%
Gen 9 #0919 Bug Nymble
14%
Gen 9 #0916 Normal Oinkologne
14%
Gen 9 #1014 Poison/Fighting Okidogi
14%
Gen 9 #0968 Steel Orthworm
14%
Gen 9 #0964 Water Palafin
14%
Gen 8 #0871 Electric Pincurchin
14%
Gen 9 #0954 Bug/Psychic Rabsca
14%
Gen 9 #0953 Bug Rellor
14%
Gen 9 #0952 Grass/Fire Scovillain
14%
Gen 9 #0944 Poison/Normal Shroodle
14%
Gen 9 #1013 Grass/Ghost Sinistcha
14%
Gen 9 #0931 Normal/Flying Squawkabilly
14%
Gen 8 #0874 Rock Stonjourner
14%
Gen 9 #0938 Electric Tadbulb
14%
Gen 9 #0924 Normal Tandemaus
14%
Gen 9 #0917 Bug Tarountula
14%
Gen 9 #0978 Dragon/Water Tatsugiri
14%
Gen 9 #1024 Normal Terapagos
14%
Gen 9 #0976 Water/Psychic Veluza
14%
Gen 9 #1001 Dark/Grass Wo-Chien
14%
No matching quizzes found
Score Distribution
Percent of People with Each Score
Percentile by Number Answered
Your Score History
You have not taken this quiz since the last reset